Plato Republic (Record no. 3903)

MARC details
000 -LEADER
fixed length control field 00395nam a22001337a 4500
008 - FIXED-LENGTH DATA ELEMENTS--GENERAL INFORMATION
fixed length control field 250619b |||||||| |||| 00| 0 eng d
020 ## - INTERNATIONAL STANDARD BOOK NUMBER
ISBN 9781853264832
245 ## - TITLE STATEMENT
Title Plato Republic
260 ## - PUBLICATION, DISTRIBUTION, ETC. (IMPRINT)
Place of publication South crescent, London
Name of publisher Words worth edition limited
Date of publication 1997
300 ## - COLLATION
Pagination 373p
650 ## - TRACINGS
Main Subject Political science-Early works to 1800
Subdivision (1st) Utopias-early work to 1800
942 ## - ADDED ENTRY ELEMENTS (KOHA)
Item type Books
050 ## - LIBRARY OF CONGRESS CALL NUMBER
Classification number JC 71
Item number .S84
Holdings
Source of classification or shelving scheme Not for loan Permanent location Current location Date acquired Accession No. Full call number Barcode. Koha item type
Library of Congress Classification   Samuel Ogbemudia Main Library, University of Abuja Samuel Ogbemudia Main Library, University of Abuja 06/19/2025 2023/61691 JC 71 .S84 2025-2588 Books